[Event "Moscow2"]
[Site "Moscow"]
[Date "1990.??.??"]
[Round "?"]
[White "Mukhametov, Eldar"]
[Black "Priehoda, Vitezslav"]
[Result "1-0"]
[WhiteElo "2390"]
[BlackElo "2415"]

1.e4 c5 2.c3 Nf6 3.e5 Nd5 4.d4 cxd4 5.Nf3 e6 6.cxd4 b6 7.Nc3 Nxc3 8.bxc3 Be7
9.Bd3 Ba6 10.c4 Bb4+ 11.Bd2 Bxd2+ 12.Qxd2 Nc6 13.O-O O-O 14.Rfe1 f5 15.exf6 Qxf6
16.d5 exd5 17.cxd5 Bxd3 18.dxc6 Be4 19.cxd7 Bxf3 20.gxf3 Qxf3 21.Re3 Qf5
22.Rae1 Rad8 23.Rd3 h6 24.Re7 Kh7 25.Rg3 Rf7 26.Rxf7 Qxf7 27.Rd3 Qf5 28.Rd6 Kg8
29.Qd4 Qb1+ 30.Kg2 Qxa2 31.Qh4 g5 32.Qxh6 Qa4 33.Rg6+ Kf7 34.Qg7+  1-0

[Event "Moscow op"]
[Site "Moscow"]
[Date "1990.??.??"]
[Round "?"]
[White "Sveshnikov, Evgeny"]
[Black "Dvoirys, Semen I"]
[Result "0-1"]
[WhiteElo "2520"]
[BlackElo "2555"]

1.e4 c5 2.c3 Nf6 3.e5 Nd5 4.Nf3 Nc6 5.d4 cxd4 6.Bc4 Nb6 7.Bb3 d5 8.exd6 Qxd6
9.O-O Be6 10.Bxe6 Qxe6 11.Nxd4 Nxd4 12.cxd4 Rd8 13.Nc3 g6 14.Re1 Rxd4 15.Rxe6 Rxd1+
16.Nxd1 fxe6 17.Be3 Bg7 18.Rc1 Kd7 19.Bxb6 axb6 20.Kf1 Ra8 21.a3 Ra5 22.Nc3 Bd4
23.b4 Rxa3 24.Nb5 Ra1 25.Rxa1 Bxa1 26.Ke2 Be5 27.Na3 Bd6 28.Nc2 Kc6 29.Kd3 Kb5
30.Nd4+ Kxb4 31.Nxe6 b5 32.Kc2 Bxh2 33.Nf8 Bg1 34.f3 Be3 35.g4 Kc4 36.Nxh7 Bh6
37.g5 Bg7 38.f4 b4 39.f5 gxf5 40.g6 b3+ 41.Kd2 Bh6+  0-1

[Event "Moscow2"]
[Site "Moscow"]
[Date "1990.??.??"]
[Round "?"]
[White "Mukhametov, Eldar"]
[Black "Blasek, Ralph"]
[Result "1-0"]
[WhiteElo "2390"]
[BlackElo "2295"]

1.e4 c5 2.c3 Nf6 3.e5 Nd5 4.d4 cxd4 5.Nf3 Nc6 6.cxd4 d6 7.Bc4 e6 8.O-O Be7
9.Qe2 O-O 10.Nc3 Nxc3 11.bxc3 dxe5 12.dxe5 Qc7 13.Qe4 b6 14.Bd3 g6 15.Bh6 Rd8
16.Rad1 Bb7 17.Qf4 Rd5 18.Be4 Rxd1 19.Rxd1 Rd8 20.Rxd8+ Bxd8 21.h4 Na5 22.Ng5 Bd5
23.Bxd5 exd5 24.Ne6 Qe7 25.Nxd8 Qxd8 26.e6 f6 27.Qd4 Qe7 28.Qxd5 Nb7 29.Qc6 Nd6
30.Qa8+ Ne8 31.Qc8  1-0

[Event "Nea Makri zt"]
[Site "Nea Makri"]
[Date "1990.??.??"]
[Round "?"]
[White "Mastrokoukos, Georgios"]
[Black "Popovic, Petar"]
[Result "1/2-1/2"]
[WhiteElo "2280"]
[BlackElo "2520"]

1.e4 c5 2.c3 Nf6 3.e5 Nd5 4.d4 cxd4 5.Nf3 e6 6.cxd4 d6 7.Nc3 Nxc3 8.bxc3 Qc7
9.Bd2 Bd7 10.Bd3 Bc6 11.O-O Nd7 12.Re1 dxe5 13.Nxe5 Nxe5 14.Rxe5 g6 15.Bf4 Bd6
16.Bg3 O-O 17.Re3 Bxg3 18.hxg3 Qa5 19.Qb3 Rfd8 20.Be4 Bxe4 21.Rxe4 Rac8 22.c4 Rd7
23.Re5 Qa6 24.d5 Rxc4 25.dxe6 fxe6 26.Rae1 Rd6 27.Rb5 Rc7 28.a4 Qc6 29.a5 Rd5
30.Rb4 Qd7 31.Rbe4 Rc6 32.Rb4 Rc7 33.Rbe4 Rc6 34.Rb4  1/2-1/2

[Event "Nea Makri zt"]
[Site "Nea Makri"]
[Date "1990.??.??"]
[Round "?"]
[White "Mastrokoukos, Georgios"]
[Black "Barlov, Dragan"]
[Result "0-1"]
[WhiteElo "2280"]
[BlackElo "2520"]

1.e4 c5 2.c3 Nf6 3.e5 Nd5 4.d4 cxd4 5.Qxd4 e6 6.Nf3 Nc6 7.Qe4 Qc7 8.Be2 d6
9.exd6 Bxd6 10.O-O O-O 11.Rd1 f5 12.Qc2 Nf6 13.c4 Bc5 14.Be3 Bxe3 15.fxe3 Ng4
16.Qc3 e5 17.h3 e4 18.hxg4 exf3 19.Bxf3 fxg4 20.Bd5+ Kh8 21.e4 Ne5 22.Nd2 Qc5+
23.Kh1 Rf6 24.Qxe5 Rh6+ 25.Qh2 Rxh2+ 26.Kxh2 Bd7 27.Rf1 Qd6+ 28.Kg1 Qb6+
29.c5 Qxc5+ 30.Kh1 Qe3 31.Rf7 Qxd2 32.Rxd7 Rf8 33.Rd6 Qf4  0-1

[Event "NOR-chT"]
[Site "NOR"]
[Date "1990.??.??"]
[Round "?"]
[White "Fossan, Petter"]
[Black "Chavannes, Ivar"]
[Result "1-0"]
[WhiteElo "2305"]
[BlackElo "2120"]

1.e4 c5 2.c3 Nf6 3.e5 Nd5 4.d4 cxd4 5.cxd4 Nc6 6.Nc3 Nxc3 7.bxc3 d6 8.e6 fxe6
9.Bd3 Qa5 10.Bd2 Qd5 11.Nf3 g6 12.h4 Qh5 13.g4 Qxg4 14.Rg1 Qh3 15.Rg3 Qh1+
16.Bf1 e5 17.Rg1 Qxg1 18.Nxg1 exd4 19.cxd4 Bg7 20.Be3 O-O 21.Bc4+ Kh8 22.h5 Bf5
23.hxg6 Nb4 24.Rc1 d5 25.Be2 Bxg6 26.a3 Nc6 27.Bd3 Bxd3 28.Qxd3 e5 29.dxe5 Nxe5
30.Qb3 Rae8 31.Rd1 Ng4 32.Ne2 Nxe3 33.fxe3 Rf3 34.Rd3 Bh6 35.Qb2+ Kg8 36.Qxb7 Bxe3
37.Qxd5+  1-0

[Event "Novi Sad ol (Men)"]
[Site "Novi Sad"]
[Date "1990.??.??"]
[Round "1"]
[White "Hmadi, Slaheddine"]
[Black "Mascarinas, Rico"]
[Result "1-0"]
[WhiteElo "2335"]
[BlackElo "2465"]

1.e4 c5 2.c3 Nf6 3.e5 Nd5 4.d4 cxd4 5.Nf3 Nc6 6.Bc4 Nb6 7.Bb3 d5 8.exd6 Qxd6
9.O-O Be6 10.Bxe6 Qxe6 11.Nxd4 Nxd4 12.Qxd4 Rd8 13.Qh4 Qe2 14.Be3 e6 15.Bxb6 axb6
16.Na3 b5 17.Qg5 Bxa3 18.Qxg7 Rf8 19.bxa3 Rd5 20.Rfe1 Qd3 21.Rab1 h6 22.Qf6 Rf5
23.Qd4 Qxd4 24.cxd4 Kd7 25.Re5 Rxe5 26.dxe5 Rc8 27.g3 Rc2 28.Rxb5 Kc6 29.Rb3 Rxa2
30.Rf3 b5 31.Kg2 Kd5 32.Re3 Rb2 33.g4 Rb1 34.h4 b4 35.axb4 Rxb4 36.Kg3 Rb1
37.Rf3 Rb7 38.Re3 Rb1 39.h5 Ra1 40.Rf3 Rg1+ 41.Kf4 Rd1 42.Re3 Rd4+ 43.Kg3 Rd1
44.f3 Rd4 45.Re1 Ra4 46.Re4 Ra1 47.Kf4 Ra3 48.Rb4 Kc6 49.Rb8 Ra4+ 50.Kg3 Kd5
51.Rb7  1-0

[Event "Novi Sad ol (Men)"]
[Site "Novi Sad"]
[Date "1990.??.??"]
[Round "3"]
[White "Hmadi, Slaheddine"]
[Black "Murugan, Krishnamoorthy"]
[Result "0-1"]
[WhiteElo "2335"]
[BlackElo "2425"]

1.e4 c5 2.c3 Nf6 3.e5 Nd5 4.d4 cxd4 5.Nf3 e6 6.cxd4 b6 7.Nc3 Nxc3 8.bxc3 Qc7
9.Bd2 d6 10.Bd3 Nd7 11.O-O Bb7 12.Bf4 Be7 13.Re1 Rc8 14.Rc1 O-O 15.Ng5 Bxg5
16.Qh5 f5 17.Qxg5 dxe5 18.dxe5 Nc5 19.Re3 Rfd8 20.Bf1 Qf7 21.Qh4 Rd7 22.Rh3 g6
23.Bb5 Bc6 24.Bc4 Rcd8 25.Re3 Rd1+ 26.Re1 Rxe1+ 27.Rxe1 Rd7 28.Qg3 Bd5 29.Bb5 Rc7
30.Qh4 Rc8 31.Rd1 a6 32.Bf1 b5 33.Bh6 Ne4 34.f3 Qa7+ 35.Rd4 Nxc3 36.Kh1 Qb6
37.h3 Qd8 38.Bg5 Qe8 39.Bf6 Qf7 40.Qh6 Nxa2 41.Kh2 Nc3 42.Rh4 a5 43.Qe3 b4
44.Qb6 Qc7 45.Qa6 Ra8 46.Qd3 b3 47.Qe3 b2 48.Bd3 b1=Q 49.Bxb1 Nxb1  0-1

[Event "Novi Sad ol (Men)"]
[Site "Novi Sad"]
[Date "1990.??.??"]
[Round "4"]
[White "Antonio, Rogelio Jr"]
[Black "Renet, Olivier"]
[Result "1-0"]
[WhiteElo "2445"]
[BlackElo "2495"]

1.e4 c5 2.c3 Nf6 3.e5 Nd5 4.d4 cxd4 5.Nf3 e6 6.Bc4 Nb6 7.Bb3 d6 8.cxd4 Bd7
9.Ng5 h6 10.Qh5 g6 11.Qh3 dxe5 12.O-O Bg7 13.Ne4 Bc6 14.Re1 exd4 15.Bxe6 O-O
16.Bb3 Re8 17.f3 Bd5 18.Bxh6 Bxb3 19.axb3 f5 20.Qg3 Rxe4 21.fxe4 Bxh6 22.Qxg6+ Bg7
23.Qe6+ Kh8 24.Ra5 Qg8 25.Qxf5 Qh7 26.Qf3 Nc6 27.Rh5 Bh6 28.Qf6+  1-0

[Event "Novi Sad ol (Men)"]
[Site "Novi Sad"]
[Date "1990.??.??"]
[Round "6"]
[White "Markovic, Ivan"]
[Black "Liang Jinrong"]
[Result "0-1"]
[WhiteElo "2425"]
[BlackElo "2445"]

1.e4 c5 2.c3 Nf6 3.e5 Nd5 4.d4 cxd4 5.Nf3 Nc6 6.Bc4 Nb6 7.Bb3 d5 8.exd6 Qxd6
9.O-O Be6 10.Bxe6 Qxe6 11.Nxd4 Qd7 12.Nb5 a6 13.Qxd7+ Kxd7 14.Rd1+ Kc8 15.N5a3 e6
16.Bf4 Be7 17.Nc2 Rd8 18.Rxd8+ Kxd8 19.Nd2 Ke8 20.Kf1 Rd8 21.Ke2 Na4 22.Rb1 e5
23.Be3 f5 24.f3 Kf7 25.Nc4 b5 26.Nb6 Nxb6 27.Bxb6 Rb8 28.Bf2 Ke6 29.Rd1 Na5
30.Ne3 Rd8 31.Rxd8 Bxd8 32.Nc2 Be7 33.Kd3 Nb7 34.b3 Bc5 35.Be3 Bxe3 36.Kxe3 Nc5
37.Nb4 Kd6 38.f4 e4 39.g3 g6 40.h3 h5 41.Nc2 Nd3 42.Nd4 Nc1 43.a3 Kd5 44.Kd2 Nd3
45.Ke3 Nc5 46.Kd2 Ne6 47.Ne2 a5 48.Ke3 a4 49.c4+ Kc5 50.bxa4 bxc4 51.g4 h4
52.gxf5 gxf5 53.Nc3 Nc7 54.Nxe4+ fxe4 55.Kxe4 Ne8 56.a5 Nf6+  0-1

[Event "Novi Sad ol (Men)"]
[Site "Novi Sad"]
[Date "1990.??.??"]
[Round "9"]
[White "Strikovic, Aleksa"]
[Black "Diaz, Joaquin C"]
[Result "0-1"]
[WhiteElo "2510"]
[BlackElo "2420"]

1.e4 c5 2.c3 Nf6 3.e5 Nd5 4.d4 cxd4 5.Nf3 Nc6 6.Bc4 Nb6 7.Bb3 d5 8.exd6 Qxd6
9.O-O Be6 10.Bxe6 Qxe6 11.Nxd4 Qd7 12.Nxc6 Qxd1 13.Rxd1 bxc6 14.a4 e6 15.a5 Nd5
16.Nd2 Be7 17.Nc4 f6 18.Be3 a6 19.Kf1 Kf7 20.Nb6 Rab8 21.Ra4 Rhd8 22.Ke2 c5
23.Nc4 Rxb2+ 24.Nxb2 Nxc3+ 25.Kf3 Nxd1 26.Nc4 Nc3 27.Ra1 Rb8 28.Nb6 Nd5 29.Rb1 Ke8
30.Bf4 Nxf4 31.Kxf4 Bd8 32.Rc1 Bxb6 33.axb6 Rxb6 34.Rxc5 Kd7 35.h4 Rb5 36.Rc2 a5
37.Ra2 Rb4+ 38.Kg3 a4 39.f3 Kc6  0-1

[Event "Novi Sad ol (Men)"]
[Site "Novi Sad"]
[Date "1990.??.??"]
[Round "10"]
[White "Ramirez, Percy"]
[Black "Delaney, John"]
[Result "1-0"]
[WhiteElo "2205"]
[BlackElo "2315"]

1.e4 c5 2.c3 Nf6 3.e5 Nd5 4.d4 cxd4 5.cxd4 d6 6.Bc4 e6 7.Nf3 Nc6 8.O-O Be7
9.exd6 Qxd6 10.Nc3 Nxc3 11.bxc3 Bd7 12.Re1 Na5 13.Bd3 Rc8 14.Ne5 Nc6 15.Bf4 Nxe5
16.Bxe5 Qc6 17.c4 f6 18.Qh5+ Kf8 19.Bg3 Qb6 20.d5 e5 21.Bf5 Qc7 22.Qh3 Bxf5
23.Qxf5 g6 24.Qe6 Qxc4 25.Bxe5 Rc6 26.Bd6 Rc7 27.Bxe7+  1-0

[Event "Novi Sad ol (Men)"]
[Site "Novi Sad"]
[Date "1990.??.??"]
[Round "13"]
[White "Manca, Federico"]
[Black "Tsuboi, Edson Kenji"]
[Result "1-0"]
[WhiteElo "2360"]
[BlackElo "2315"]

1.e4 c5 2.c3 Nf6 3.e5 Nd5 4.d4 cxd4 5.Nf3 Nc6 6.cxd4 d6 7.Nc3 dxe5 8.dxe5 Be6
9.Bb5 Nxc3 10.Qxd8+ Rxd8 11.bxc3 Bd7 12.a4 e6 13.Be3 Be7 14.O-O O-O 15.Rfd1 a6
16.Bb6 Ra8 17.Be2 Be8 18.Rab1 Rc8 19.a5 Kh8 20.Bc4 Nxa5 21.Bxa5 Rxc4 22.Rxb7 Ra4
23.Bb6 Ba3 24.Rb8 Kg8 25.h3 f6 26.Rdd8 Kf7 27.Nd4 fxe5 28.Nf3 Ke7 29.Nxe5 Re4
30.Rb7+ Kf6 31.Bd4 Kf5 32.Rbb8 Re1+ 33.Kh2 Rxe5 34.Bxe5 Kxe5 35.Rxe8 Rxf2
36.Rb6 Rf6 37.Rxa6 Bd6 38.Rd8 Bc7 39.Rd7 Bb8 40.Rb6 Rf8 41.Kg1 Kf6 42.Rbb7 Rc8
43.Rf7+ Ke5 44.Rxg7 Bd6 45.Rb3 Kd5 46.Rxh7 Rf8 47.Rh5+ Kc4 48.Rb6  1-0

[Event "Novi Sad ol (Men)"]
[Site "Novi Sad"]
[Date "1990.??.??"]
[Round "13"]
[White "Feller, Joseph"]
[Black "Soylu, Suat"]
[Result "0-1"]
[WhiteElo "2270"]
[BlackElo "2320"]

1.e4 c5 2.c3 Nf6 3.e5 Nd5 4.d4 cxd4 5.Nf3 e6 6.cxd4 b6 7.Bd3 Be7 8.Nc3 Nxc3
9.bxc3 Qc7 10.Qc2 Ba6 11.O-O Bxd3 12.Qxd3 Nc6 13.Bg5 d6 14.exd6 Qxd6 15.Bxe7 Nxe7
16.Qb5+ Qc6 17.a4 O-O 18.c4 Rac8 19.Rfc1 Rfd8 20.Qg5 Ng6 21.a5 h6 22.Qe3 b5
23.d5 exd5 24.cxb5 Qxb5 25.Qxa7 Rxc1+ 26.Rxc1 Nf4 27.Nd4 Qe8 28.Qc7 Nd3 29.Rf1 Ra8
30.Nf5 Qe4 31.Qd7 Nf4 32.f3 Qe2 33.Nh4 g5 34.Qg4 Rxa5 35.Nf5 Ra2 36.Nxh6+ Kh7
37.Nxf7 Qxg2+ 38.Qxg2 Rxg2+ 39.Kh1 Kg7 40.Ne5 Re2 41.Nc6 Rc2 42.Ne5 Re2 43.Nc6 Kf6
44.Rd1 Rb2 45.Nd4 Ra2 46.Nc6 Rf2 47.Nd4 Ke5 48.Nc6+ Kd6 49.Nd4 Kc5 50.Kg1 Rb2
51.Kh1 Nh3 52.Ne6+ Kd6 53.Re1 Rd2 54.Nd8 d4 55.Nf7+ Kd5 56.Re5+ Kc4 57.Nxg5 Nxg5
58.Rxg5 d3 59.Rg8 Re2 60.h4 d2 61.Rd8 Re1+ 62.Kg2 d1=Q 63.Rxd1 Rxd1 64.Kg3 Kd5  0-1

[Event "Ontario"]
[Site "Ontario"]
[Date "1990.??.??"]
[Round "?"]
[White "Polacek, Jozef"]
[Black "Findlay, Ian T"]
[Result "1-0"]
[WhiteElo "2240"]
[BlackElo "2345"]

1.e4 c5 2.c3 Nf6 3.e5 Nd5 4.d4 cxd4 5.Nf3 Nc6 6.Bc4 Nb6 7.Bb3 d6 8.cxd4 dxe5
9.d5 Na5 10.Nc3 f6 11.O-O g6 12.Be3 Bg7 13.Bc5 Bd7 14.Re1 Rc8 15.Bxb6 Qxb6
16.Ba4 Bxa4 17.Qxa4+ Kf7 18.d6 Rc4 19.Qa3 exd6 20.Nd5 Qc5 21.Qd3 Nc6 22.b4 Nxb4
23.Nxb4 Rxb4 24.Rac1 Qb6 25.a3 Rb5 26.a4 Rb2 27.Qd5+ Ke7 28.Nd4 Re8 29.a5 Qb4
30.Rc7+ Kd8 31.Rec1 Rb1 32.Rc8+ Kd7 33.Qf7+  1-0

[Event "Orange op"]
[Site "Orange"]
[Date "1990.??.??"]
[Round "6"]
[White "Velikov, Petar"]
[Black "Spiridonov, Nikola"]
[Result "1/2-1/2"]
[WhiteElo "2495"]
[BlackElo "2405"]

1.e4 c5 2.c3 Nf6 3.e5 Nd5 4.d4 cxd4 5.Qxd4 e6 6.Nf3 Nc6 7.Qe4 d6 8.Nbd2 dxe5
9.Nxe5 Nxe5 10.Qxe5 Bd7 11.Be2 Qb8 12.Nc4 Bc6 13.O-O Qxe5 14.Nxe5  1/2-1/2

[Event "Paris-ch"]
[Site "Paris"]
[Date "1990.??.??"]
[Round "?"]
[White "Weeks, M."]
[Black "Delebarre, Xavier"]
[Result "1/2-1/2"]
[WhiteElo "2250"]
[BlackElo "2255"]

1.e4 c5 2.c3 Nf6 3.e5 Nd5 4.d4 cxd4 5.Nf3 Nc6 6.cxd4 d6 7.Bc4 Nb6 8.Bb5 dxe5
9.Nxe5 Bd7 10.Nc3 Nxe5 11.dxe5 Bxb5 12.Qxd8+ Rxd8 13.Nxb5 Nd5 14.Nxa7 Nb4
15.Ke2 Nc2 16.Rb1 Nd4+ 17.Kf1 e6 18.Be3 Bc5 19.Nb5 Nxb5 20.Bxc5 Rd5 21.Rc1 Kd7
22.Be3 Ra8 23.a3 Rxe5 24.Rc4 Nd6 25.Rb4 b5 26.Bd4 Rd5 27.Ke2 Ra4 28.Rxa4 bxa4
29.Bxg7 Rg5 30.Bf6 Rg6 31.Be5 Nc4 32.Rd1+ Kc6 33.Bg3 Nxb2 34.Rd4 Rg5 35.Rd6+ Kb5
36.Rd7 Nc4 37.Rxf7 Nxa3 38.Rxh7 Rd5 39.Rb7+ Kc4 40.Ra7 Kb3 41.h4 Nb5 42.Ra8 a3
43.Bf4 Kb2 44.g4 a2 45.Rxa2+ Kxa2 46.h5 Kb3 47.h6 Nd4+ 48.Ke3 Nc6 49.Bg5 Ne5
50.h7 Ng6 51.Bf6 Rd7 52.h8=Q Nxh8 53.Bxh8 Rd1 54.Kf4 Kc4 55.Kg5 Rg1  1/2-1/2

[Event "World op"]
[Site "Philadelphia"]
[Date "1990.??.??"]
[Round "6"]
[White "Stopa, Johan Russell"]
[Black "Vucic, Mladen"]
[Result "1-0"]
[WhiteElo "2260"]
[BlackElo "2340"]

1.e4 c5 2.c3 Nf6 3.e5 Nd5 4.d4 cxd4 5.Bc4 Nb6 6.Bb3 d5 7.cxd4 Nc6 8.Ne2 Bf5
9.Ng3 Bg6 10.f4 e6 11.O-O Rc8 12.Be3 Qd7 13.Nc3 Be7 14.f5 exf5 15.Qf3 f4
16.Qxf4 O-O 17.Bd1 f5 18.Bb3 h6 19.Nge2 Bh5 20.Qg3 Bxe2 21.Nxe2 Kh7 22.h4 Na5
23.h5 Qe8 24.Nf4 Bg5 25.Ng6 Bxe3+ 26.Qxe3 Rf7 27.Qd3 Qd7 28.Bc2 Nac4 29.Rxf5 Rxf5
30.Qxf5 Qxf5 31.Bxf5 Re8 32.b3 Na5 33.Kf2 Kg8 34.Ke3 Nc6 35.Rc1 Ne7 36.Be6+ Kh7
37.Rc7 Ng8 38.Bf5 a5 39.Rxb7  1-0

[Event "URS-chT"]
[Site "Podolsk"]
[Date "1990.??.??"]
[Round "?"]
[White "Sveshnikov, Evgeny"]
[Black "Pigusov, Evgeny"]
[Result "1/2-1/2"]
[WhiteElo "2515"]
[BlackElo "2545"]

1.e4 c5 2.c3 Nf6 3.e5 Nd5 4.Nf3 Nc6 5.d4 cxd4 6.Bc4 Nb6 7.Bb3 d6 8.exd6 Qxd6
9.O-O Be6 10.Bxe6 Qxe6 11.Nxd4 Nxd4 12.Qxd4 Rd8 13.Qb4 Qc6 14.a4 a6 15.Be3 Nd5
16.Qc5 Qd7 17.Qd4 Nxe3 18.fxe3 Qc7 19.Qg4 e6 20.Na3 f5 21.Qc4 Qxc4 22.Nxc4 Rc8  1/2-1/2

[Event "URS-chT"]
[Site "Podolsk"]
[Date "1990.??.??"]
[Round "?"]
[White "Deev, Andrei"]
[Black "Aseev, Konstantin N"]
[Result "0-1"]
[WhiteElo "2390"]
[BlackElo "2545"]

1.e4 c5 2.c3 Nf6 3.e5 Nd5 4.d4 cxd4 5.Nf3 Nc6 6.cxd4 d6 7.Nc3 dxe5 8.dxe5 Nxc3
9.Qxd8+ Nxd8 10.bxc3 Nc6 11.Nd4 Bd7 12.e6 fxe6 13.Bc4 Nxd4 14.cxd4 Rc8 15.Bb3 g6
16.O-O Bg7 17.Bb2 Rf8 18.Rfe1 Rf5 19.Re2 Bf6 20.Rae1 Kd8 21.g3 a5 22.Bxe6 Bxe6
23.Rxe6 Rc2 24.R1e2 Rxe2 25.Rxe2 Rb5 26.Kg2 Rb4 27.Rd2 Ra4 28.a3 Kc7 29.Kf3 b5
30.Ke4 Rc4 31.f4 Kd6 32.Rd3 b4 33.axb4 axb4 34.g4 e6 35.Rh3 h6 36.Kd3 Kd5
37.Rxh6 Bxd4 38.Bxd4 Rxd4+ 39.Kc2 Kc4 40.Rxg6 b3+  0-1

[Event "Porz op24"]
[Site "Porz"]
[Date "1990.??.??"]
[Round "7"]
[White "Nolting, Arno"]
[Black "Spassov, Liuben"]
[Result "0-1"]
[WhiteElo "2275"]
[BlackElo "2400"]

1.e4 c5 2.c3 Nf6 3.e5 Nd5 4.d4 cxd4 5.cxd4 d6 6.Nf3 Nc6 7.Bc4 Nb6 8.Bb5 dxe5
9.Nxe5 Bd7 10.Nc3 e6 11.Qg4 h5 12.Qe4 Nxe5 13.dxe5 Bxb5 14.Nxb5 Nd5 15.O-O Be7
16.Be3 Qd7 17.Nd4 O-O 18.Rfd1 Rfd8 19.Qf3 g6 20.Rac1 Rac8 21.h3 Rxc1 22.Rxc1 Nb4
23.Qe4 Nd5 24.Nf3 Qb5 25.Bd4 Qa4 26.a3 b6 27.Qc2 Qd7 28.Qc6 Qxc6 29.Rxc6 Kf8
30.Kf1 Ke8 31.g3 Kd7 32.Rc1 Rc8 33.Rxc8 Kxc8 34.Ke2 Kb7 35.Kd3 Kc6 36.Nd2 a6
37.Ne4 b5 38.Nd2 a5 39.Ne4 a4 40.Nd2 Nc7 41.Ne4 Na6 42.Nc3 Nb8 43.Ne4 Nd7
44.Nc3 Bd8 45.Ne4 Bc7 46.f4 Bd8 47.h4 Be7 48.Nc3 Nb8 49.Ne4 Na6 50.Nc3 Nc7
51.Ne4 Nd5 52.Bc3 Nb6 53.Bd4 Nc4 54.Nf2 Bd8 55.Ne4 Ba5 56.Bc3 Bd8 57.Bd4 Be7
58.Nf2 Na5 59.Ne4 Nb3 60.Be3 Na5 61.Bd4 Nb7 62.Nc3 Bd8 63.Ne4 Ba5 64.Bc3 Nc5+
65.Nxc5 Bxc3 66.Kxc3 Kxc5 67.Kd3 b4 68.axb4+ Kxb4 69.Kc2 Kc4 70.Kd2 Kd4 71.Kc2 Ke3
72.Kc3 Kf3 73.Kb4 Kxg3 74.Kxa4 Kxh4 75.b4 Kg4 76.b5 h4 77.b6 h3 78.b7 h2
79.b8=Q h1=Q  0-1

[Event "Bohemians (Women)"]
[Site "Prague"]
[Date "1990.??.??"]
[Round "?"]
[White "Maskova, Jana"]
[Black "Palatkova, Eliska"]
[Result "1-0"]
[WhiteElo "2230"]
[BlackElo "2040"]

1.e4 c5 2.c3 Nf6 3.e5 Nd5 4.d4 cxd4 5.Nf3 e6 6.cxd4 d6 7.Nc3 Bd7 8.Bd3 Bc6
9.O-O Nd7 10.Re1 Be7 11.exd6 Bxd6 12.Ne4 Be7 13.a3 h6 14.Ne5 Nxe5 15.dxe5 Qc7
16.Ng3 Bc5 17.Qg4 O-O-O 18.b4 h5 19.Qc4 Nb6 20.Qxc5 Rxd3 21.Qc2 Rhd8 22.Bg5 f6
23.exf6 gxf6 24.Bxf6 Rd2 25.Bxd8 Qf4 26.Qc4 Rxd8  1-0

[Event "Bohemians"]
[Site "Prague"]
[Date "1990.??.??"]
[Round "?"]
[White "Nun, Jiri"]
[Black "Palac, Mladen"]
[Result "0-1"]
[WhiteElo "2445"]
[BlackElo "2505"]

1.e4 c5 2.c3 Nf6 3.e5 Nd5 4.d4 cxd4 5.Nf3 e6 6.cxd4 d6 7.a3 Bd7 8.Bd3 Bc6
9.O-O Nd7 10.Re1 Be7 11.exd6 Bxd6 12.Ne5 Nxe5 13.dxe5 Bc5 14.Qg4 Qb6 15.Qg3 h5
16.h4 O-O-O 17.Be4 f6 18.Nd2 g5 19.Nc4 Qb5 20.Bd3 gxh4 21.Qxh4 Qb3 22.Bf1 Rdg8
23.Na5 Qf3 24.Nxc6 bxc6 25.Be3 Bxe3 26.fxe3 Nxe3 27.Qh2 Rg4 28.Kh1 Qe4 29.Ba6+ Kc7
30.exf6+ Kb6 31.Bd3 Qxd3 32.Qh3 Re4 33.f7 Qd4 34.g3 h4 35.g4 Nxg4 36.Qb3+ Kc7
37.Rf1 Re3 38.f8=Q  0-1

[Event "Prague T7"]
[Site "Prague"]
[Date "1990.??.??"]
[Round "1"]
[White "Brigljevic, Milan"]
[Black "Orsag, Milan"]
[Result "0-1"]
[WhiteElo "2285"]
[BlackElo "2315"]

1.e4 c5 2.c3 Nf6 3.e5 Nd5 4.d4 cxd4 5.Qxd4 e6 6.Nf3 Nc6 7.Qe4 f5 8.exf6 Nxf6
9.Qh4 Qc7 10.Bg5 Be7 11.Nbd2 d5 12.Bd3 e5 13.Bg6+ Kf8 14.Bc2 e4 15.Ng1 h6
16.Ne2 Kg8 17.Bxf6 Bxf6 18.Qh5 Ne5 19.Nf4 Bg4 20.Nxd5 Qd8 21.Nxf6+ Qxf6 22.Nxe4 Qe7
23.Bb3+ Kf8  0-1

[Event "CRO-Cup"]
[Site "Pula"]
[Date "1990.??.??"]
[Round "?"]
[White "Strikovic, Aleksa"]
[Black "Kozul, Zdenko"]
[Result "1/2-1/2"]
[WhiteElo "2465"]
[BlackElo "2575"]

1.e4 c5 2.c3 Nf6 3.e5 Nd5 4.d4 cxd4 5.Nf3 Nc6 6.Bc4 e6 7.cxd4 d6 8.O-O Be7
9.Qe2 O-O 10.Qe4 Qc7 11.Bd3 g6 12.Bh6 Rd8 13.Nbd2 dxe5 14.dxe5 Nb6 15.Rac1 Nd7
16.Bb5 Ndxe5 17.Nxe5 Qxe5 18.Bxc6 Qh5 19.Bxb7 Bxb7 20.Qxb7 Bd6 21.g3 Qxh6
22.Nc4 Qf8 23.Rfd1  1/2-1/2

[Event "Pula zt (Women)"]
[Site "Pula"]
[Date "1990.??.??"]
[Round "?"]
[White "Bojkovic, Natasa"]
[Black "Makropoulou, Marina"]
[Result "0-1"]
[WhiteElo "2270"]
[BlackElo "2230"]

1.e4 c5 2.c3 Nf6 3.e5 Nd5 4.d4 cxd4 5.Nf3 e6 6.cxd4 b6 7.Nc3 Nxc3 8.bxc3 Qc7
9.Be2 Qxc3+ 10.Bd2 Qa3 11.O-O Nc6 12.Bf4 Be7 13.d5 exd5 14.Qxd5 O-O 15.Rac1 Qa5
16.Qe4 Bb7 17.Rfd1 Rad8 18.Bd3 g6 19.Bc4 Qb4 20.a3 Qxa3 21.Bd5 Qb4 22.Rc4 Qb5
23.Rb1 Qa6 24.Ra4 Na5 25.Rxa5 Qxa5 26.Bxb7 d5 27.Qd3 Rd7 28.Ba6 Qa3 29.Rb3 Qa1+
30.Rb1 Qa3 31.Qe2 d4 32.Bd3 Rdd8 33.h4 Rfe8 34.Bb5 d3 35.Qd2 Bc5 36.Bxe8 Rxe8
37.Ng5 Qa4 38.g3 h6 39.Nf3 Qe4 40.Ne1 g5 41.hxg5 hxg5 42.Bxg5 Rxe5 43.Nxd3 Rd5
44.Rb3 Qc4 45.Rc3 Qg4 46.Bf4 Bb4 47.Kg2 Bxc3 48.Qxc3 Rh5 49.Qd4 Qd1 50.f3 Qh1+
51.Kf2 Rh2+ 52.Ke3 Qg1+ 53.Ke4 Re2+ 54.Be3 Qxg3 55.Nf4 Qh4 56.Qd7 Qe1 57.Qe8+ Kg7
58.Kd3 Qf1  0-1

[Event "CRO-Cup"]
[Site "Pula"]
[Date "1990.??.??"]
[Round "?"]
[White "Strikovic, Aleksa"]
[Black "Dimovski, Nikola"]
[Result "1-0"]
[WhiteElo "2465"]
[BlackElo "2410"]

1.e4 c5 2.c3 Nf6 3.e5 Nd5 4.d4 cxd4 5.Nf3 e6 6.cxd4 b6 7.Nc3 Nxc3 8.bxc3 Qc7
9.Bd2 d6 10.Rc1 Nd7 11.Bf4 Be7 12.Bd3 O-O 13.O-O Bb7 14.Re1 Rfd8 15.Ng5 g6
16.Qg4 Nf8 17.h4 Qd7 18.h5 dxe5 19.hxg6 hxg6 20.Bxe5 f6 21.Bxg6 Nxg6 22.Qh5  1-0

[Event "CRO-Cup"]
[Site "Pula"]
[Date "1990.??.??"]
[Round "?"]
[White "Vucinic, Pero"]
[Black "Radocaj, Denis"]
[Result "0-1"]
[WhiteElo "2320"]
[BlackElo "2280"]

1.e4 c5 2.c3 Nf6 3.e5 Nd5 4.d4 cxd4 5.cxd4 d6 6.Bc4 Nb6 7.Bb5+ Bd7 8.Qe2 Bxb5
9.Qxb5+ Qd7 10.Nc3 e6 11.Nf3 d5 12.O-O h6 13.Qd3 Nc6 14.Bf4 Be7 15.Rac1 O-O
16.h3 Rac8 17.Rfe1 Bb4 18.Nh2 f5 19.exf6 Rxf6 20.Bg3 Nc4 21.Re2 Nd6 22.Ng4 Rf5
23.Bxd6 Bxd6 24.Rce1 Re8 25.Nb5 Bb4 26.Rd1 a6 27.Nc3 Bd6 28.Rde1 Qf7 29.Re3 h5
30.Nh2 Bxh2+ 31.Kxh2 Rxf2 32.Ne2 e5 33.Kg1 e4 34.Qc3 Rf8 35.Qc5 Rxg2+ 36.Kxg2 Qf2+
37.Kh1 Qxe1+ 38.Ng1 Qxe3 39.Qxd5+ Rf7 40.Qe6 Qxd4  0-1

[Event "Pula op"]
[Site "Pula"]
[Date "1990.??.??"]
[Round "1"]
[White "Parezanin, Darko"]
[Black "Hanko, Pavel"]
[Result "1-0"]
[WhiteElo "2260"]
[BlackElo "2250"]

1.e4 c5 2.c3 Nf6 3.e5 Nd5 4.d4 d6 5.Nf3 Nc6 6.e6 Bxe6 7.c4 cxd4 8.cxd5 Qa5+
9.Bd2 Qxd5 10.Na3 Bg4 11.Be2 g6 12.Nb5 Rc8 13.Nbxd4 Nxd4 14.Qa4+ b5 15.Qxd4 Bxf3
16.Qxh8 Bxe2 17.Kxe2 Rc2 18.Rhd1 Qe4+ 19.Kf1 Qd3+ 20.Ke1 Qe4+ 21.Kf1 Qd3+
22.Kg1 Rxd2 23.Rf1 Qd4 24.Qxh7 Qxb2 25.Rab1 Qxa2 26.Rxb5 Rb2 27.Qh3 f5 28.Qd3 Bg7
29.h4 Kf7 30.Rxb2 Bxb2 31.h5 Bg7 32.Re1 Be5 33.g4 e6 34.Rb1 Qa4 35.hxg6+ Kxg6
36.gxf5+ exf5 37.Rb8 Qg4+ 38.Kf1 Qe4 39.Rg8+ Kf6  1-0

[Event "Pula op"]
[Site "Pula"]
[Date "1990.??.??"]
[Round "3"]
[White "Scetinin, Alexander"]
[Black "Faibisovich, Vadim Z"]
[Result "1/2-1/2"]
[WhiteElo "2365"]
[BlackElo "2410"]

1.e4 c5 2.c3 Nf6 3.e5 Nd5 4.d4 cxd4 5.Nf3 Nc6 6.cxd4 d6 7.Bc4 dxe5 8.dxe5 Nb6
9.Qxd8+ Nxd8 10.Bb5+ Bd7 11.Nc3 a6 12.Bxd7+ Nxd7 13.O-O e6 14.Rd1 Nc6 15.Bf4 h6
16.h4 Be7 17.Ne4  1/2-1/2

[Event "Pula op"]
[Site "Pula"]
[Date "1990.??.??"]
[Round "6"]
[White "Strikovic, Aleksa"]
[Black "Dabetic, Radojica"]
[Result "1-0"]
[WhiteElo "2465"]
[BlackElo "2315"]

1.e4 c5 2.c3 Nf6 3.e5 Nd5 4.d4 cxd4 5.Nf3 e6 6.cxd4 b6 7.Nc3 Nxc3 8.bxc3 Be7
9.Bd3 Ba6 10.Be4 Nc6 11.h4 Rc8 12.Rh3 Na5 13.Ng5 d5 14.exd6 Qxd6 15.Qa4+ Kf8
16.Rf3 Qh2 17.Rxf7+ Kg8 18.Qd7 Qg1+ 19.Kd2 Nc4+ 20.Kc2 Na3+ 21.Bxa3 Rxc3+
22.Kd2  1-0

[Event "Pula op"]
[Site "Pula"]
[Date "1990.??.??"]
[Round "8"]
[White "Karaklajic, Nikola"]
[Black "Barlov, Dragan"]
[Result "0-1"]
[WhiteElo "2375"]
[BlackElo "2520"]

1.e4 c5 2.c3 Nf6 3.e5 Nd5 4.d4 cxd4 5.Nf3 e6 6.cxd4 d6 7.Nc3 Nxc3 8.bxc3 Qc7
9.Qb3 Bd7 10.Ba3 Bc6 11.Bb5 dxe5 12.Bxf8 Kxf8 13.Bxc6 Nxc6 14.O-O g6 15.Nxe5 Nxe5
16.dxe5 Kg7 17.f4 Rhd8 18.Rf3 Rd2 19.h3 Rad8 20.Qb4 Rc2 21.Kh2 Rdd2 22.Rg3 Rb2
23.Qe4 Qc5 24.a4 Re2 25.Qd3 Qc6 26.Rg1 Qxa4 27.Qd8 Qxf4 28.Qd4 Qxe5 29.Qxa7 Rbd2  0-1

[Event "Reykjavik op"]
[Site "Reykjavik"]
[Date "1990.??.??"]
[Round "4"]
[White "Lalic, Susan"]
[Black "Sigurpalsson, Runar"]
[Result "1-0"]
[WhiteElo "2270"]
[BlackElo "2220"]

1.e4 c5 2.c3 Nf6 3.e5 Nd5 4.d4 cxd4 5.Nf3 Nc6 6.cxd4 e6 7.a3 d6 8.Bd3 Be7
9.O-O O-O 10.Nc3 Nxc3 11.bxc3 dxe5 12.dxe5 Qc7 13.Re1 Rd8 14.Qc2 g6 15.h4 f5
16.exf6 Bxf6 17.h5 gxh5 18.Bg5 Rf8 19.Bh6 Rf7 20.Bxh7+ Kh8 21.Bg6 e5 22.Ng5 Bxg5
23.Bxg5 Rf8 24.Be4 Qg7 25.Qd2 Rg8 26.Rad1 Be6 27.Qc1 Bg4 28.Rd3 Rae8 29.Qd2 Re6
30.Be3 Bf3 31.Bg5 Qxg5 32.Bxf3 Qf6 33.Bd5 Rg7 34.Bxe6 Qxe6 35.Rd6 Nd4 36.Qh6+  1-0